Cai o império (Record no. 143543)

MARC details
000 -LÍDER
campo de controle de tamanho fixo 00475 a2200181 4500
001 - NÚMERO DE CONTROLE
campo de controle 143543
040 ## - FONTE DA CATALOGAÇÃO
Instituição que transcreveu o registro Leonardo Da Vinci
041 ## - CÓDIGO DE IDIOMA
Código do idioma do texto/trilha sonora ou título diferente Português
082 ## - CDD - CLASSIFICAÇÃO DECIMAL DE DEWEY
Número de Classificação I S426c
Número do exemplar S426c
100 ## - ENTRADA PRINCIPAL--NOME PESSOAL
Nome pessoal SCHWARCZ, Angeli Lilia Moritz
245 ## - TÍTULO
Título Cai o império
Restante do título república vou ver!
250 ## - EDIÇÃO
Edição 2.ed
260 ## - PUBLICAÇÃO, DISTRIBUIÇÃO, ETC.
Nome do editor, distribuidor, etc. Beasiliense
Data da publicação, distribuição, etc. 1984
Local de publicação, distribuição, etc. São Paulo
300 ## - DESCRIÇÃO FÍSICA
Extensão 95
362 ## - DATAS DE PUBLICAÇÃO E/OU DESIGNAÇÃO SEQUENCIAL
Datas de publicação e/ou designação sequencial 19840000
697 ## - ENTRADA DE ASSUNTO LOCAL--ENTIDADE COLETIVA (RLIN)
Nome corporativo ou nome da jurisdição Literatura infantil
-- República
-- Cidadania
-- Ensino fundamental
942 ## - ELEMENTOS DE ENTRADA ADICIONADOS (KOHA)
Tipo de material Koha Livros
Holdings
Situação do descarte Situação das perdas Situação física Não pode ser emprestado Biblioteca de origem Biblioteca atual Data de aquisição Total de empréstimos Número de chamada completo Código de barras Data de último acesso Data do preço efetivo Tipo de material Koha
        Leonardo Da Vinci - Osasco Leonardo Da Vinci - Osasco 27/03/2024   I S426c O009495 27/03/2024 27/03/2024 Livros